000 00588nam a2200193 i 4500
001 23626
003 ES-MaACL
005 20230906152916.0
007 t|
008 021211s1971 sp ||||1| spa d
100 1 _aAnciaux, Paul.
_921404
245 1 3 _aEl dinamismo de la moral cristiana /
_cP. Anciaux, P. D'Hoogh, J. Ghoos ; [tradujo: José Diego Pérez].
260 _aSalamanca :
_bSígueme,
_c1971.
300 _a285 p. ;
_c22 cm.
700 1 _aD'Hoogh, F.
_942371
700 1 _aGhoos, J.
_956585
700 1 _aDiego Pérez, José.
_944570
852 _aES-MaACL
_jC-46886
_bR.78517
999 _c23626
_d23626